000 00270nam a2200109Ia 4500
082 _a305.520968 DRE
245 0 _aDreyer,Lynette
100 _aThe Modern African Elite South Africa
_934019
942 _cBK
020 _a"
008 210816s9999 xx 000 0 und d
999 _c123620
_d123619